Tutti gli Stati che hanno controllato Bari - Statistics

Statistiche generali
  • Questo quiz è stato fatto 25 volte
  • Il punteggio medio è 22 su 42
Statistiche sulle risposte
con Immagini Hint Risposta % Corretto
27 a.C. - 395 Impero Romano
86%
1946 - Oggi Repubblica Italiana
86%
1861 - 1946 Regno d'Italia
82%
395 - 476 Impero Romano d'Occidente
77%
1816 - 1860 Regno delle Due Sicilie
77%
536 - 543 Impero Bizantino
73%
876 - 1002 Impero Bizantino
73%
275 a.C. - 27 a.C. Repubblica Romana
73%
544 - 690 Impero Bizantino
68%
1002 - 1009 Impero Bizantino
68%
1011 - 1039 Impero Bizantino
68%
1504 - 1647 Regno di Spagna
68%
1137 Sacro Romano Impero
68%
1220 - 1266 Sacro Romano Impero
68%
1707 - 1734 Arciducato d'Austria
64%
1734 - 1738 Impero Spagnolo / Regno di Francia
64%
1442 - 1458 Regno di Aragona
64%
1501 - 1504 Regno di Francia e di Navarra
64%
1282 - 1442 Regno di Napoli
64%
1458 - 1501 Regno di Napoli
64%
1648 - 1707 Regno di Spagna
64%
476 - 493 Regno di Odoacre
55%
1137 - 1220 Regno di Sicilia
55%
1266 - 1282 Regno di Sicilia
55%
1799 - 1815 Regno Napoleonico di Napoli
55%
493 - 536 Regno Ostrogoto
55%
543 - 544 Regno Ostrogoto
55%
847 - 871 Emirato di Bari
50%
690 - 847 Ducato di Benevento
45%
871 - 876 Ducato di Benevento
45%
1002 Emirato di Sicilia
45%
1860 - 1861 Regno di Sardegna
45%
1130 - 1137 Regno di Sicilia
45%
1815 - 1816 Regno di Sicilia e Napoli
45%
1799 Repubblica Partenopea
27%
1738 - 1799 Regno di Sicilia e Napoli
23%
~1000 a.C. - 326 a.C. Tribù dei Peucezi
23%
1085 - 1130 Principato di Taranto
14%
1071 - 1085 Ducato di Puglia e di Calabria
9%
1647 - 1648 Serenissima Repubblica di Napoli
9%
1039 - 1071 Principato di Salerno
5%
1009 - 1011 Rivolta Antibizantina di Melo
5%
Nessun quiz corrispondente trovato
Distribuzione punteggi
Percentuale di utenti per punteggio
Percentile per numero di risposta
I tuoi punteggi nel tempo
Non hai fatto questo quiz